000 00240nam a22000857a 4500
008 170601b xxu||||| |||| 00| 0 eng d
100 _93210
_aShastri. C
245 _aThe Living Fire indigestion other stories
260 _aNew Delhi
_bDevamala
_c2001
999 _c6523
_d6523